| 000 | 01876cab a2200265 4500 | ||
|---|---|---|---|
| 001 | ABS46557 | ||
| 008 | 090401t1992 xxu||||| |||| 00| 0 eng d | ||
| 035 | _a(Sirsi) u58745 | ||
| 041 | _aeng | ||
| 245 | _aAbbey Homesteads (Developments) Limited v Northamptonshire CC | ||
| 260 | _c1992 | ||
| 350 | _a0 | ||
| 490 |
_aRating & Valuation Reporter _v(1992) 32 RVR 110-117(8) |
||
| 520 | _aCA 11 March 1992. The county council compulsorily purchased 1.23 ha of land belonging to the claimant company, X, part of 13.88 ha. X applied to the districy council for planning permission for residential development and they entered into an agreement under Town and Country Planning Act 1971 s52, which contained a covenant that `an area of 1.3ha adjacent to the playing field and amenity open spaces shall be reserved for school purposes`. Outline planning permission was granted for 343 units, open space,a site for a primary school and local shops. X carried out the development omitting the 1.3ha. In July 1983 the county council as education authority made a cpo to acquire 1.23ha. No objection was made and it was confirmed. The valuation date was 18 May 1984. LT determined the compensation payable at £300,00 on the basis that in assessing compensation the restrictive covenant must be disregarded as it was part of the scheme underlying the acquisition. The council appealed. CA held tha | ||
| 650 | _aLAND COMPENSATION ACT 1961 | ||
| 650 | _aLAW AND PROPERTY ACT 1925 | ||
| 650 | _aPLANNING PERMISSION | ||
| 650 | _aPOINTE GOURDE QUARRYING AND TRANSPORT CO LTD V CROWN LANDS SUPERINTENDENT | ||
| 650 | _aRESTRICTIVE COVENANTS | ||
| 650 | _aS52 AGREEMENTS | ||
| 650 | _aTOWN AND COUNTRY PLANNING ACT 1971 S52 | ||
| 690 | _aENVIRONMENTAL AND LAND CONSULTANCY-PLANNING AND DEVELOPMENT-COMPULSORY PURCHASE AND COMPENSATION | ||
| 942 | _n0 | ||
| 948 | _c04/03/1997 | ||
| 999 |
_c35923 _d35923 |
||